Statistics for Wizard101: All Ice Spells

Click here to take the quiz!

General Stats

  • This quiz has been taken 19 times
  • The average score is 21 of 46

Answer Stats

Spell% Correct
Colossus
100%
Iceblade
92%
Frost Giant
83%
Ice Wyvern
83%
Tower Shield
83%
Frost Beetle
75%
Ice Trap
75%
Snow Angel
75%
Snow Serpent
75%
Blizzard
67%
Evil Snowman
67%
Abominable Weaver
58%
Frostbite
58%
Snow Shield
58%
Woolly Mammoth
58%
Balefrost
50%
Ice Prism
50%
Lord of Winter
50%
Mass Ice Prism
50%
Volcanic Shield
50%
Ice Guardian
42%
Icespear
42%
Legion Shield
42%
Scion of Ice
42%
Snowball Barrage
42%
Climaclysm
33%
Freeze
33%
Frozen Armor
33%
King Artorius
33%
Melt
33%
Reindeer Knight
33%
Snow Drift
33%
Steal Ward
33%
Stun Block
33%
Taunt
33%
Winter Moon
33%
Distract
25%
Freddo
25%
Handsome Fomori
25%
Mega Distract
25%
Mega Taunt
25%
Cooldown
17%
Ice Armor
17%
Angry Snowpig
8%
Draw Health
8%
Katabatic Wind
8%

Score Distribution

Percentile by Number Answered

Percent of People with Each Score

Your Score History

You have not taken this quiz